000 00953nam a2200265 a 4500
001 000011478
005 20240412074226.0
008 091019t1998 dr r 000 d spa d
020 _a9768156767
040 _aDO-SdBNP
_bspa
_cBNPHU
082 _aRD862.44
_bV635t
100 1 _aVicioso, Sherezada,
_d1948-
_919504
245 1 0 _aTrago amargo :
_bwish-ky sour /
_cSherezada Vicioso (Chiqui) ; presentación Ligia Amada Melo de Cardona.
260 _aSanto Domingo :
_bGente,
_c1998.
300 _a48 p. : ;
_c21 cm.
490 1 _aPremios anuales
500 _aIncluye datos biográficos de la autora en la solapa de la cubierta.
586 _aPremio anual de teatro Cristóbal de Llerena 1996-97.
590 _aInventariado, 2019/BT
650 0 _aTeatro dominicano
_9637
650 0 _aLiteratura dominicana.
_967
700 1 2 _aMelo de Cardona, Ligia Amada
_927174
830 0 _aPremios anuales
_96431
910 _aValidado. Control de calidad. EMS
999 _c11179
_d11179